01174nam a2200241 a 450000100100000000500170001000800410002702000150006804000250008310000360010824502440014426000720038830000210046049000530048150000210053450000740055570000370062970000370066671000600070383000460076395201060080999900170091500003922220201002031541.0130611s2003 sp 001 0 spa d a8400082125 aDO-SdBNPbspacBNPHU1 aArias Torres, Juan Pablo96542310aArabismo y traducción :bentrevistas con J. M. Fórneas, J. Cortés, M. Cruz Hernández, J. Vernet, L. Martínez, P. Martínez Montávez, M. L. Serrano /cJuan Pablo Arias Torres, Manuel C. Feria García, Salvador Peña Martín. aMadrid :bConsejo Superior de Investigaciones Científicas,c2003. a174 p. ;c24 cm.1 aEstudios árabes e islámicosamonografíav5 aIncluye índice aIncluye referencias biobliográficas y notas al pie de las páginas1 aFeria García, Manuel C,9654241 aMartín, Salvador, coaut9654251 aConsejo Superior de Investigaciones Científicas94786 0aEstudios árabes e islámicosn5965426 0010507-18MOaGRbGRcOId2013-06-11iLF1l0o p39222-10r2020-06-25w2020-06-25y1ZNo se presta c38712d38712